Working Papers/
में बचाया:
| निगमित लेखक: | |
|---|---|
| स्वरूप: | पुस्तक |
| भाषा: | English |
| प्रकाशित: |
Londres, Gran Bretaña:
University of Cambridg
|
| विषय: | |
| टैग: |
टैग जोड़ें
कोई टैग नहीं, इस रिकॉर्ड को टैग करने वाले पहले व्यक्ति बनें!
|
MARC
| LEADER | 00000nam a22000007a 4500 | ||
|---|---|---|---|
| 003 | cru CIDCACS/IIS | ||
| 005 | 20200507161541.0 | ||
| 008 | 200507n enk|||p|r||||||0| ||eng|d | ||
| 999 | |c 43129 |d 43129 | ||
| 040 | |c cru CIDCACS/IIS | ||
| 090 | |a REV1011 | ||
| 110 | 2 | |9 9283 |a University of Cambridge | |
| 245 | 1 | |a Working Papers/ |c University of Cambridge, Centre of Latin American Studies | |
| 260 | |a Londres, Gran Bretaña: |b University of Cambridg | ||
| 270 | |a History Faculty Building. West Road Cambridge CB39EF | ||
| 500 | |a EXISTENCIAS : 1980 (19) 1981 (36-37) 1983 (38) 1985 (41) 1986 (42-43) 1990 (20, 22-23) 1993 (46) | ||
| 650 | 0 | |9 4615 |a ETNOGRAFIA | |
| 650 | 0 | |9 861 |a VIVIENDA | |
| 650 | 0 | |9 1901 |a AMERINDIOS | |
| 650 | 4 | |9 2686 |a POBLACION AGRICOLA | |
| 942 | |2 ddc |c PP | ||
